Most Infamous assassinations - Statistics

General Stats
  • This quiz has been taken 174 times
  • The average score is 9 of 10
Answer Stats
Hint Answer % Correct
35th President John F Kennedy
99%
Spiritual/Political Leader of India Mahatma Gandhi
96%
16th President Abraham Lincoln
95%
African American activist Martin Luther King Jr
95%
Last words "Et tu, Brute" Julius Caesar
88%
Lead singer of a popular band formed in the UK John Lennon
87%
Assassin of JFK Lee Harvey Oswald
86%
The death that "started" WW1 Archduke Franz Ferdinand
82%
20th President James Garfield
73%
Human rights activist during civil rights movement Malcolm X
71%
No matching quizzes found
Score Distribution
Percent of People with Each Score
Percentile by Number Answered
Your Score History
You have not taken this quiz